| 000 | 00354 a2200157 4500 | ||
|---|---|---|---|
| 001 | 62929 | ||
| 020 | _a9788584390465 | ||
| 040 | _cAnchieta - Pituba | ||
| 100 | _aJefferies, Dinah | ||
| 240 | 1 | 0 |
_aO perfume da folha de chá _lpor |
| 245 | 1 | 0 | _aO perfume da folha de chá |
| 300 | _a430 | ||
| 362 | 0 | _a2017 | |
| 650 | 4 | _aFicção inglesa | |
| 942 | _cBK | ||
| 999 |
_c62929 _d62929 |
||